[Event "AUTO-OPEN-1036"]
[Site "http://www.queenalice.com/game.php?id=363200"]
[Date "2008.2.29"]
[Round "1"]
[White "Corinthians17"]
[Black "claudiochess"]
[Result "0-1"]
[WhiteElo "1100"]
[BlackElo "1500"]

1. d4 Nf6 2. Nc3 d5 3. Bf4 e6 4. Nb5 Na6 5. e3 c6 6. Nc3 Nc7 7. Nf3 Be7 8. Bd3
O-O 9. O-O c5 10. dxc5 Bxc5 11. Bxc7 Qxc7 12. Qd2 a6 13. Rad1 b5 14. a3 Bb7 15.
b4 Bd6 16. g4 Nxg4 17. h3 Nh2 18. Nxh2 Bxh2+ 19. Kh1 d4+ 20. Be4 dxc3 21. Qd7
Bxe4+ 22. f3 Qg3 23. Rg1 Bxf3+ 24. Rg2 Qxg2# 0-1

[Event "AUTO-OPEN-1036"]
[Site "http://www.queenalice.com/game.php?id=363201"]
[Date "2008.2.29"]
[Round "1"]
[White "claudiochess"]
[Black "Corinthians17"]
[Result "1-0"]
[WhiteElo "1500"]
[BlackElo "1100"]

1. e4 e5 2. Nf3 Nc6 3. Bb5 Nf6 4. O-O d5 5. Nxe5 Bd6 6. exd5 Nxd5 7. Nxc6 bxc6
8. Bxc6+ Bd7 9. Bxd5 Qh4 10. g3 Qh5 11. Qxh5 g6 12. Qf3 O-O 13. Bxa8 Bh3 14. Re1
Rb8 15. Bd5 Be6 16. Bxe6 fxe6 17. Rxe6 Rf8 18. Qxf8+ Kxf8 19. Rxd6 cxd6 20. Nc3
h5 21. d4 a5 22. Bg5 d5 23. Re1 h4 24. Nxd5 h3 25. Nf4 a4 26. d5 a3 27. b3 Kg7
28. d6 Kf7 29. d7 Kg7 30. d8=Q Kh7 31. Re7# 1-0

[Event "AUTO-OPEN-1036"]
[Site "http://www.queenalice.com/game.php?id=363216"]
[Date "2008.2.29"]
[Round "1"]
[White "Gameoverziggy"]
[Black "claudiochess"]
[Result "0-1"]
[WhiteElo "1078"]
[BlackElo "1534"]

1. c4 Nf6 2. Nc3 g6 3. g3 Bg7 4. Bg2 O-O 5. Nf3 c5 6. O-O Nc6 7. d3 d5 8. Bd2
dxc4 9. dxc4 Be6 10. b3 Bg4 11. Rc1 Qc8 12. Qc2 Nb4 13. Qb1 Rd8 14. Rfd1 Qe6 15.
a3 Nc6 16. Be1 Nd4 17. Nxd4 cxd4 18. Ne4 Nxe4 0-1

[Event "AUTO-OPEN-1036"]
[Site "http://www.queenalice.com/game.php?id=363217"]
[Date "2008.2.29"]
[Round "1"]
[White "claudiochess"]
[Black "Gameoverziggy"]
[Result "1-0"]
[WhiteElo "1534"]
[BlackElo "1078"]

1. e4 c5 2. Nf3 e6 3. d4 cxd4 4. Nxd4 Nc6 5. Be3 a6 6. Qd2 Nf6 7. f3 Nxd4 8.
Bxd4 b5 9. Nc3 d6 10. O-O-O Be7 11. g4 h6 12. Kb1 Bd7 13. h4 Rc8 14. a3 Bc6 15.
Bg2 Nd7 16. Bxg7 Rg8 17. Bxh6 Nc5 18. Bf4 e5 19. Be3 1-0

[Event "Challenge"]
[Site "http://www.queenalice.com/game.php?id=363514"]
[Date "2008.2.29"]
[Round "-"]
[White "MarcD"]
[Black "claudiochess"]
[Result "1/2-1/2"]
[WhiteElo "1945"]
[BlackElo "1557"]

1. d4 Nf6 2. Nf3 d5 3. Bf4 e6 4. e3 Be7 5. Bd3 O-O 6. Nbd2 c5 7. c3 cxd4 8. exd4
Nc6 9. h3 a6 10. O-O b5 11. a3 Bb7 12. Re1 Bd6 13. Bxd6 Qxd6 14. Ne5 Rac8 15.
Qe2 Ne7 16. Ng4 Nd7 17. Nf3 Rc7 18. Nfe5 Nb6 19. Rad1 Nc4 20. Nxc4 dxc4 21. Bc2
Ng6 22. Bxg6 hxg6 23. Qe5 Qc6 24. f3 Rd8 25. Nf2 Rd5 26. Qe2 Re7 27. Qc2 Qc7 28.
Ng4 e5 29. Nxe5 Rd6 30. Ng4 Rde6 31. Rxe6 Rxe6 32. Qf2 Qe7 33. Kf1 Qg5 34. Re1
Rxe1+ 35. Qxe1 Bd5 36. Qe3 Qf5 37. Kf2 Qb1 38. Qe2 Be6 39. Ne3 g5 40. Qc2 Qxc2+
41. Nxc2 Kf8 42. Ke3 Bd5 43. g3 Be6 44. h4 gxh4 45. gxh4 Ke7 46. Kf4 f6 47. Ne3
g6 48. Nf1 Bd5 49. Ne3 Be6 50. Nf1 Bd5 51. Nd2 a5 52. Ne4 Be6 53. Nc5 Bh3 54.
Nb7 a4 55. Nc5 Kd6 56. Ne4+ Ke6 57. Ng3 Kd5 58. Ke3 Be6 59. f4 Bg4 60. Ne4 Ke6
61. Nc5+ Kd6 62. Na6 Bc8 63. Nc5 Bg4 64. Na6 Bc8 65. Nb4 Be6 66. Ke4 Bf7 67. Na6
Bd5+ 68. Ke3 Bb7 69. Nb4 Bg2 70. Na6 1/2-1/2

[Event "Challenge"]
[Site "http://www.queenalice.com/game.php?id=363515"]
[Date "2008.2.29"]
[Round "-"]
[White "claudiochess"]
[Black "MarcD"]
[Result "0-1"]
[WhiteElo "1571"]
[BlackElo "1927"]

1. e4 c5 2. Nf3 Nc6 3. d4 cxd4 4. Nxd4 Nf6 5. Nc3 d6 6. Be3 Bd7 7. Qd2 g6 8.
O-O-O Bg7 9. f3 O-O 10. g4 a6 11. h4 h5 12. g5 Ne8 13. f4 Bg4 14. Be2 Bxe2 15.
Ndxe2 Nc7 16. Bb6 Qc8 17. Kb1 a5 18. Bxc7 Qxc7 19. Nd5 Qd8 20. f5 a4 21. fxg6
fxg6 22. Nef4 Qa5 23. Qxa5 Rxa5 24. Ne6 Rf2 25. Nxg7 Kxg7 26. Rdf1 Rxf1+ 27.
Rxf1 Ra8 28. Nb6 Ra6 29. Nd7 Ra5 30. c3 Ra8 31. Nb6 Ra6 32. Nd5 Ra8 33. Nc7 Rc8
34. Ne6+ Kg8 35. Nf4 Kg7 36. Nd5 Ra8 37. Kc2 Ra5 38. Rf4 Ra8 39. Kd2 b5 40. Rf1
Rb8 41. b3 axb3 42. axb3 Ra8 43. Nc7 Rb8 44. Ra1 b4 45. Ra6 bxc3+ 46. Kxc3 Nd8
47. b4 Rc8 48. b5 Rxc7+ 49. Kd4 Kf7 50. b6 Rb7 51. Kc4 Ke6 52. Kb5 Kd7 53. Ra7
Kc8 54. Ra8+ Rb8 55. Ra7 Nb7 56. Kc6 e6 57. Ra6 d5 58. exd5 exd5 59. Kxd5 Kd7
60. Ra7 Kc8 61. Ke5 Kd8 62. Kd5 Kd7 63. Ra5 Nxa5 0-1

[Event "GDCX Tournament"]
[Site "http://www.queenalice.com/game.php?id=370040"]
[Date "2008.3.12"]
[Round "1"]
[White "claudiochess"]
[Black "dilucia"]
[Result "0-1"]
[WhiteElo "1572"]
[BlackElo "2366"]

1. e4 c5 2. Nf3 d6 3. d4 cxd4 4. Nxd4 Nf6 5. Nc3 a6 6. Be3 e6 7. f3 b5 8. Qd2
Nbd7 9. O-O-O Bb7 10. g4 Nb6 11. h4 Rc8 12. Kb1 b4 13. Ncb5 axb5 14. Bxb5+ Nbd7
15. g5 Nh5 16. Qxb4 Rc7 17. Qa4 Be7 18. Ne2 O-O 19. f4 Nc5 20. Bxc5 Rxc5 21.
Rhg1 Qb6 22. Be8 Ba6 23. Ng3 Nxf4 24. h5 Bxg5 0-1

[Event "Challenge"]
[Site "http://www.queenalice.com/game.php?id=373402"]
[Date "2008.3.19"]
[Round "-"]
[White "claudiochess"]
[Black "Admilton"]
[Result "1/2-1/2"]
[WhiteElo "1572"]
[BlackElo "1560"]

1. e4 e5 2. Nf3 d6 3. d4 Nc6 4. dxe5 Nxe5 5. Nxe5 dxe5 6. Qxd8+ Kxd8 7. Bc4 Be6
8. Bxe6 fxe6 9. O-O h6 10. Nc3 Nf6 11. Be3 Ke7 12. Rad1 b6 13. Nb5 c6 14. Nc7
Rc8 15. Na6 Kf7 16. Rd3 Be7 17. Rfd1 Rcd8 18. Rxd8 Bxd8 19. f3 Be7 20. c4 Rd8
21. Rxd8 Bxd8 22. Nb4 c5 23. Nd3 Bc7 24. b3 Nd7 25. Kf2 g5 26. g4 Nf6 27. a4 a5
28. h4 Kg6 29. hxg5 hxg5 30. Nb2 Nd7 31. Nd1 Nb8 32. Nc3 Nc6 33. Nb5 Bd8 34. Nd6
Nb4 35. Ke2 Nc2 36. Nb5 Na1 37. Kd3 Nxb3 38. Na7 Nd4 39. Bxd4 exd4 40. Nc6 Bc7
41. e5 Kf7 42. Ke4 Ke8 43. Na7 Kd7 44. Nb5 Bd8 45. Nd6 Bc7 46. Nf7 Bd8 47. Nd6
Kc7 48. Ne8+ Kd7 49. Nd6 Be7 1/2-1/2

[Event "BRASILIA"]
[Site "http://www.queenalice.com/game.php?id=373403"]
[Date "2008.3.19"]
[Round "-"]
[White "mogerio"]
[Black "claudiochess"]
[Result "0-1"]
[WhiteElo "1452"]
[BlackElo "1534"]

1. e4 c5 2. d4 cxd4 3. Qxd4 Nc6 4. Qd1 Nf6 5. Nc3 e6 6. Nf3 d6 7. Bb5 Qc7 8. Bg5
Be7 9. Bxc6+ bxc6 10. Bxf6 Bxf6 11. O-O O-O 12. Qd3 d5 13. Rfd1 Bb7 14. Rd2 Rad8
15. Re1 dxe4 16. Qxe4 c5 17. Qg4 Bxf3 18. Qxf3 Rxd2 19. Re2 Bxc3 20. bxc3 Rd1+
21. Re1 Rxe1# 0-1

[Event "Desafio Brasileiro"]
[Site "http://www.queenalice.com/game.php?id=374047"]
[Date "2008.3.20"]
[Round "-"]
[White "claudiochess"]
[Black "gomestrovao"]
[Result "1-0"]
[WhiteElo "1668"]
[BlackElo "1762"]

1. e4 e5 2. Nf3 Nc6 3. Bb5 Nd4 4. Nxd4 exd4 5. d3 Bc5 6. Bf4 c6 7. Bc4 d6 8. Qf3
Nf6 9. e5 Qe7 10. h3 dxe5 11. Bh2 Bd6 12. O-O Qc7 13. Nd2 O-O 14. a3 h6 15. Ne4
Nxe4 16. Qxe4 Be6 17. Bxe6 fxe6 18. c3 c5 19. c4 Qb6 20. Bxe5 Bxe5 21. Qxe5 Rae8
22. Rab1 Rf5 23. Qe2 e5 24. f4 Qe6 25. Qe4 exf4 26. Rxf4 Re5 27. Qxb7 Re1+ 28.
Rxe1 Qxe1+ 29. Rf1 Qe2 30. Qf7+ Kh8 31. Rf2 Qe3 32. Kh2 Qe5+ 33. Qf4 Qe3 34.
Qxe3 dxe3 35. Re2 Kg8 36. Kg3 Kf7 37. Kf3 Kf6 38. Rxe3 Rxe3+ 39. Kxe3 Ke5 40. b4
Kd6 41. Ke4 a6 42. d4 cxd4 43. Kxd4 Kc6 44. g4 g5 45. a4 Kd6 46. b5 a5 47. c5+
Kc7 48. Kd5 Kd7 49. c6+ Kc7 50. Kc5 Kd8 51. b6 Kc8 52. Kd6 Kb8 53. Kd7 h5 54.
c7+ Kb7 55. c8=Q+ Kxb6 56. gxh5 g4 57. hxg4 Ka7 58. h6 Kb6 59. h7 Ka7 60. h8=Q
Kb6 61. Qd4# 1-0

[Event "Rei duro na queda"]
[Site "http://www.queenalice.com/game.php?id=374114"]
[Date "2008.3.20"]
[Round "-"]
[White "jw16js"]
[Black "claudiochess"]
[Result "0-1"]
[WhiteElo "1528"]
[BlackElo "1651"]

1. e4 c5 2. Bc4 d6 3. Nc3 Nf6 4. d3 a6 5. h3 b5 6. Bd5 Nxd5 7. Nxd5 e6 8. Nf4
Nc6 9. Qf3 Bb7 10. c3 b4 11. c4 Nd4 12. Qd1 d5 13. cxd5 exd5 14. Nge2 dxe4 15.
Nxd4 Qxd4 16. Qe2 Bd6 17. dxe4 O-O 18. f3 Bxf4 19. Bxf4 Rfe8 20. Rd1 Qf6 21. g3
Rad8 22. O-O Rd4 23. e5 Qe6 24. g4 Qxa2 25. Rxd4 cxd4 26. Qc2 Rc8 27. Qd2 Qd5
28. Qxb4 Rc4 29. Qe7 h6 30. h4 Rc2 31. h5 Rxb2 32. Bc1 Rb5 33. Bf4 d3 34. Rf2 a5
35. g5 Rb1+ 36. Kg2 hxg5 37. Qxg5 Rb6 38. Qf5 a4 39. Qg4 Kf8 40. Qf5 Kg8 41. Be3
Rf6 42. Qg4 Re6 43. Bf4 a3 44. Rf1 d2 45. Rd1 a2 46. Bxd2 a1=Q 47. Rxa1 Qxd2+
48. Kg3 Qc3 49. Rf1 Qxe5+ 50. Qf4 Qxf4+ 51. Kxf4 Rf6+ 52. Kg3 Kh7 53. f4 Kh6 54.
Kg4 Bc8+ 55. Kh4 Rf5 56. Kg3 Rxh5 57. Rc1 Bf5 58. Rc5 g6 59. Rc6 Rh3+ 60. Kg2
Ra3 61. Kf2 Kh5 62. Rf6 Be6 63. f5 gxf5 64. Ke2 Kg5 65. Rxe6 fxe6 66. Kf2 Kg4
67. Ke2 Kg3 68. Kd2 f4 69. Kc2 f3 0-1

[Event "Challenge"]
[Site "http://www.queenalice.com/game.php?id=390813"]
[Date "2008.4.20"]
[Round "-"]
[White "danco69"]
[Black "claudiochess"]
[Result "0-1"]
[WhiteElo "1648"]
[BlackElo "1584"]

1. e4 c5 2. d4 cxd4 3. Qxd4 Nc6 4. Qd1 Nf6 5. Bd3 e5 6. Bg5 Be7 7. Nf3 d6 8. Bb5
Nxe4 9. Bxc6+ bxc6 10. Bxe7 Qxe7 11. Qe2 Nf6 12. c3 O-O 13. O-O Bg4 14. h3 Bh5
15. g4 Bg6 16. g5 Ne4 17. Nbd2 Nc5 18. b4 Ne6 19. Nh4 Nf4 20. Qf3 Qxg5+ 21. Qg4
Nxh3+ 22. Kh2 Qxg4 23. Nhf3 Nf4 24. Nh4 Qxh4+ 25. Kg1 Qg4+ 26. Kh2 Qg2# 0-1

[Event "AUTO-OPEN-1036"]
[Site "http://www.queenalice.com/game.php?id=391842"]
[Date "2008.4.22"]
[Round "2"]
[White "claudiochess"]
[Black "Fischercat"]
[Result "1-0"]
[WhiteElo "1615"]
[BlackElo "1793"]

1. e4 e5 2. Nf3 d6 3. Bc4 Be7 4. d4 Bg4 5. dxe5 dxe5 6. Qxd8+ Bxd8 7. Nxe5 Be6
8. Bxe6 fxe6 9. O-O Bf6 10. Nf3 Nd7 11. c3 O-O-O 12. Be3 b6 13. Nbd2 Nh6 14. Nb3
Ng4 15. Bg5 Bxg5 16. Nxg5 Rde8 17. h3 Nge5 18. f4 Nd3 19. Rab1 h6 20. Nf7 Rhf8
21. Ne5 Nxf4 22. Nxd7 Ne2+ 23. Kh2 Kxd7 24. Rbd1+ Kc8 25. Rxf8 Rxf8 26. Rd2 Nf4
27. Nd4 Rd8 28. Rf2 e5 29. Nc6 Re8 30. Nxa7+ Kb7 31. Nb5 g5 32. Na3 c6 33. Nc4
Kc7 34. g3 b5 35. gxf4 bxc4 36. fxg5 hxg5 37. Rf5 Rd8 38. Rxg5 Kd6 39. a3 Rb8
40. Rg2 c5 41. h4 Ke6 42. Kh3 Kf6 43. h5 Kf7 44. Kh4 Rh8 45. Rd2 Rb8 46. Rd5
Rxb2 47. Rxc5 Rb3 48. Rxc4 Rxa3 49. h6 Ra1 50. Rc7+ Kg8 51. Kg5 Rf1 52. h7+ Kh8
53. Kg6 Rg1+ 54. Kf6 Rh1 55. Kxe5 1-0

[Event "AUTO-OPEN-1036"]
[Site "http://www.queenalice.com/game.php?id=391843"]
[Date "2008.4.22"]
[Round "2"]
[White "Fischercat"]
[Black "claudiochess"]
[Result "1-0"]
[WhiteElo "1829"]
[BlackElo "1567"]

1. e4 c5 2. c4 Nc6 3. g3 Nf6 4. Bg2 e6 5. Ne2 d5 6. exd5 exd5 7. cxd5 Nxd5 8.
O-O Bg4 9. h3 Be6 10. Nbc3 Nxc3 11. dxc3 Qc8 12. Nf4 Be7 13. Re1 O-O 14. Nxe6
fxe6 15. Qb3 Rf6 16. Bg5 Rg6 17. Bxc6 Bxg5 18. Bxb7 Qb8 19. Bxa8 Qxa8 20. Rxe6
Rxe6 21. Qxe6+ Kf8 22. Qf5+ Bf6 23. Qxh7 Qb7 24. Re1 Qd7 25. Qh8+ Kf7 26. Qh5+
Kf8 27. Re4 Qc6 28. Qf5 a5 29. g4 Kg8 30. Qe6+ Qxe6 31. Rxe6 Kf7 32. Ra6 Bd8 33.
Ra7+ Kf6 34. a3 g5 35. b4 axb4 36. axb4 cxb4 37. cxb4 Be7 38. b5 Bc5 39. Ra6+
Ke5 40. b6 Kd6 41. b7+ Kc7 42. Rc6+ Kxc6 43. b8=Q 1-0

[Event "GDCX Tournament"]
[Site "http://www.queenalice.com/game.php?id=430194"]
[Date "2008.7.9"]
[Round "2"]
[White "claudiochess"]
[Black "Rafaelpimentel"]
[Result "0-1"]
[WhiteElo "1695"]
[BlackElo "2072"]

1. e4 c5 2. Nf3 e6 3. d4 cxd4 4. Nxd4 Bc5 5. Nc3 a6 6. Nb3 Ba7 7. Qd6 Nc6 8. Bf4
Nge7 9. O-O-O Ng6 10. Bg3 h5 11. h3 Qf6 12. f4 Bb8 13. e5 Bxd6 14. exf6 Bxf4+
15. Bxf4 Nxf4 16. fxg7 Rg8 17. Ne4 Ke7 18. g4 hxg4 19. hxg4 Rxg7 20. Nf2 d6 21.
Rh8 b6 22. Nd4 Ne5 23. Bxa6 Bb7 24. Rxa8 Bxa8 25. Nb5 Bd5 26. Na7 Kd7 27. b3 Bf3
28. Bb5+ Kc7 29. Rd4 Nd5 30. Bc4 Nxg4 31. Nxg4 Rxg4 32. Rxg4 Bxg4 33. Bxd5 exd5
34. Nb5+ Kd7 35. Nd4 f5 36. Kd2 f4 37. Ke1 Ke7 38. Kf2 Kf6 39. a3 Ke5 40. c3 Ke4
41. a4 Kd3 42. Nb5 Kc2 43. b4 Bd7 44. Nxd6 Bxa4 45. c4 d4 46. Nf5 d3 47. Nd4+
Kc3 48. Ne6 d2 0-1

[Event "AUTO-OPEN-1036"]
[Site "http://www.queenalice.com/game.php?id=449930"]
[Date "2008.8.17"]
[Round "3"]
[White "Gil"]
[Black "claudiochess"]
[Result "1-0"]
[WhiteElo "2289"]
[BlackElo "1649"]

1. d4 d5 2. Nf3 Nf6 3. e3 Bf5 4. Bd3 Ne4 5. Nbd2 e6 6. Ne5 Bd6 7. g4 Bg6 8. Nxg6
hxg6 9. Nxe4 Rxh2 10. Rxh2 Bxh2 11. Nc5 b6 12. Na6 Nxa6 13. Bxa6 Qh4 14. Bd2 Kd7
15. Qf3 f5 16. gxf5 gxf5 17. Qg2 Rh8 18. Qxg7+ Kc6 19. b4 Bd6 20. b5# 1-0

[Event "AUTO-OPEN-1036"]
[Site "http://www.queenalice.com/game.php?id=449931"]
[Date "2008.8.17"]
[Round "3"]
[White "claudiochess"]
[Black "Gil"]
[Result "0-1"]
[WhiteElo "1647"]
[BlackElo "2252"]

1. Nf3 d5 2. c4 dxc4 3. e3 g6 4. Bxc4 Bg7 5. d4 Nf6 6. O-O O-O 7. Nc3 Nc6 8. a3
Bg4 9. b4 Qd7 10. Bb2 Rad8 11. h3 Be6 12. Qd3 a6 13. Rad1 Bxc4 14. Qxc4 b5 15.
Qe2 Nd5 16. Ne4 f5 17. Nc5 Qc8 18. Ng5 Rf6 19. e4 fxe4 20. Ngxe4 Rf5 21. g4 Nf4
22. Qe3 Rff8 23. Ng5 Nxd4 24. Bxd4 Bxd4 25. Rxd4 Rxd4 26. Nge6 Qa8 27. f3 Rc4
28. Nxf8 Qxf8 29. Ne6 Qf6 30. Nxf4 Rxf4 31. Kg2 Rc4 32. Qb3 Qc3 33. Rb1 Qd2+ 34.
Kg3 Qd5 35. Qe3 Qd6+ 36. Kh4 Qf6+ 37. Kg3 Rc3 38. Qe4 Qd6+ 0-1

[Event "AUTO-OPEN-1036"]
[Site "http://www.queenalice.com/game.php?id=449934"]
[Date "2008.8.17"]
[Round "3"]
[White "enzoiazo"]
[Black "claudiochess"]
[Result "1-0"]
[WhiteElo "2229"]
[BlackElo "1649"]

1. d4 d5 2. Nf3 Nc6 3. Bf4 Bf5 4. e3 e6 5. Bb5 Bd6 6. Ne5 Bxe5 7. Bxe5 Ne7 8.
Nd2 O-O 9. Bg3 h6 10. O-O a6 11. Be2 b5 12. a4 b4 13. a5 Nc8 14. Nb3 N8e7 15.
Nc5 Ng6 16. Nxa6 Rxa6 17. Bxa6 e5 18. Bb5 Qf6 19. a6 Na7 20. Bd3 e4 21. Be2 Ra8
22. Bxc7 Qg5 23. Bg3 Nc6 24. c4 bxc3 25. bxc3 Nh4 26. Qb3 Rb8 27. Qa4 Na7 28.
Rfb1 Rf8 29. Qb3 Ng6 30. Qxd5 h5 31. Bf4 Nxf4 32. exf4 Qg6 33. Rb7 e3 34. Rxa7
Be4 35. Qg5 exf2+ 36. Kxf2 Qb6 37. Re7 Qb2 38. Ra5 Bd3 39. a7 Qxc3 40. a8=Q
Qxd4+ 41. Re3 f6 42. Qgd5+ 1-0

[Event "AUTO-OPEN-1036"]
[Site "http://www.queenalice.com/game.php?id=449935"]
[Date "2008.8.17"]
[Round "3"]
[White "claudiochess"]
[Black "enzoiazo"]
[Result "0-1"]
[WhiteElo "1662"]
[BlackElo "2217"]

1. Nf3 Nf6 2. g3 g6 3. Bg2 Bg7 4. O-O O-O 5. c4 d6 6. d4 c5 7. dxc5 dxc5 8. Nc3
Nc6 9. Be3 Be6 10. Bxc5 Bxc4 11. Qa4 Ba6 12. Rad1 Qc8 13. Rd2 Bh6 14. Be3 Bxe3
15. fxe3 Qf5 16. Nd4 Qe5 17. Rf3 Na5 18. Ndb5 Nc6 19. Qf4 Bxb5 20. Qxe5 Nxe5 21.
Rxf6 exf6 22. Nxb5 Rad8 23. Nd4 Nc4 24. Rd3 Nxb2 25. Rb3 Nc4 26. Bxb7 Nxe3 27.
Nc6 Rd1+ 28. Kf2 Ng4+ 29. Kg2 Re8 30. Kh3 h5 31. Nxa7 Rxe2 32. Bg2 Rdd2 0-1

[Event "AUTO-OPEN-1036"]
[Site "http://www.queenalice.com/game.php?id=449936"]
[Date "2008.8.17"]
[Round "3"]
[White "Fischercat"]
[Black "claudiochess"]
[Result "1-0"]
[WhiteElo "1744"]
[BlackElo "1662"]

1. e4 e5 2. d4 exd4 3. Qxd4 Nc6 4. Qd1 Nf6 5. Bd3 Bc5 6. Bg5 O-O 7. Nf3 h6 8.
O-O hxg5 9. Nxg5 d6 10. h3 Ne5 11. Nd2 Nxd3 12. cxd3 Bd4 13. Qc2 Nh5 14. Ngf3
Be5 15. d4 Bf4 16. Rac1 c6 17. Ne1 Qg5 18. Nef3 Qg6 19. e5 Bf5 20. Qc3 Bxh3 21.
Nh4 Qg5 22. Qxh3 Bxd2 23. Nf3 Qh6 24. Nxd2 Qxd2 25. Qxh5 Qxd4 26. exd6 Qxd6 27.
Rc3 g6 28. Qh6 Qf6 29. Rh3 Qg7 30. Qh4 Rfe8 31. Rd1 Re5 32. Rd8+ Re8 33. Rd7
Re1+ 34. Kh2 Qe5+ 35. f4 Qg7 36. Qxe1 1-0

[Event "AUTO-OPEN-1036"]
[Site "http://www.queenalice.com/game.php?id=449937"]
[Date "2008.8.17"]
[Round "3"]
[White "claudiochess"]
[Black "Fischercat"]
[Result "0-1"]
[WhiteElo "1678"]
[BlackElo "1755"]

1. e4 e5 2. Nf3 Nf6 3. Nc3 Bc5 4. Bc4 h6 5. Nxe5 O-O 6. d3 d6 7. O-O dxe5 8. Qe2
Nc6 9. Kh1 Nd4 10. Qd1 Ng4 11. Ne2 Nxh2 12. Nxd4 Nxf1 13. Qxf1 Qh4+ 14. Kg1 Bxd4
15. g3 Qxg3+ 16. Qg2 Qxg2+ 17. Kxg2 Be6 18. c3 Bxc4 19. dxc4 Bc5 20. b4 Be7 21.
c5 Bg5 22. Bb2 Rad8 23. a4 f5 24. Re1 fxe4 25. Rxe4 Rd2 26. Bc1 Rdxf2+ 27. Kg3
Bxc1 0-1

[Event "Challe 01"]
[Site "http://www.queenalice.com/game.php?id=450794"]
[Date "2008.8.19"]
[Round "-"]
[White "claudiochess"]
[Black "SardeBR"]
[Result "0-1"]
[WhiteElo "1694"]
[BlackElo "1765"]

1. e4 e5 2. Nf3 f6 3. Nxe5 fxe5 4. Qh5+ Ke7 5. Qxe5+ Kf7 6. Bc4+ d5 7. Bxd5+
Qxd5 8. Qxd5+ Ke8 9. d4 Nf6 10. Qe5+ Be7 11. Qxc7 Nbd7 12. e5 Nd5 13. Qc4 N7b6
14. Qd3 g6 15. Bh6 Bf5 16. Qd1 Rc8 17. c3 Bf8 18. Qd2 Nc4 19. Qg5 Nxb2 20. O-O
Bxh6 21. Qxh6 Rc7 22. Qd2 Na4 23. Rc1 Kf7 24. c4 Rhc8 25. Na3 Ne7 26. d5 Ng8 27.
e6+ Ke8 0-1

[Event "GDCX Tournament"]
[Site "http://www.queenalice.com/game.php?id=484234"]
[Date "2008.10.28"]
[Round "4"]
[White "philler"]
[Black "claudiochess"]
[Result "1/2-1/2"]
[WhiteElo "1954"]
[BlackElo "1645"]

1. e4 c5 2. Nf3 d6 3. d4 cxd4 4. Qxd4 Nc6 5. Bb5 Bd7 6. Bxc6 Bxc6 7. Nc3 e5 8.
Qd3 Nf6 9. Bg5 Be7 10. O-O-O Qc7 11. Bxf6 gxf6 12. h3 O-O 13. Nh4 Rfc8 14. Nf5
b5 15. Nxe7+ Qxe7 16. Nxb5 Bxb5 17. Qxb5 Rab8 18. Qd3 Rb6 19. Rd2 Qc7 20. Rhd1
Rc6 21. g4 a5 22. Rf1 a4 23. a3 Rc4 24. f4 Rd4 25. Qe2 Qc4 26. Qxc4 Rcxc4 27.
fxe5 fxe5 28. Rxd4 Rxd4 29. Re1 Kg7 30. c3 Rd3 31. Rd1 Rxh3 32. Rxd6 Re3 33. Kd2
Rxe4 34. Kd3 Rxg4 35. c4 h5 36. c5 Kf8 37. Rd5 f6 38. c6 Ke7 39. c7 Rg8 40. Ke4
Rc8 41. Ra5 Rxc7 42. Rxa4 Kd6 43. Kf5 Kd5 44. Rh4 Rc4 45. Rxh5 Rf4+ 46. Kg6 Kd4
47. b4 Kc4 48. Rf5 Rxf5 1/2-1/2